Filosofía medieval y mundo moderno

Salvato in:
Dettagli Bibliografici
Autore principale: Pieper, Josef (Autore)
Natura: Libro
Lingua:spagnolo
Pubblicazione: Madrid Rialp 1973
Serie:Naturaleza e Historia, 28
Soggetti:
Tags: Aggiungi Tag
Nessun Tag, puoi essere il primo ad aggiungerne!!

MARC

LEADER 00000nam a2200000 a 4500
001 UCZ2244
003 CL-VaPUC
008 950926e19730000SP |||||||||||||||||spa|d
082 0 4 |a 189  |b PIE  |2 21 
100 0 |a Pieper, Josef  |e author  |9 346024 
245 1 0 |a Filosofía medieval y mundo moderno 
300 |a 405 p 
942 |c BK 
945 |d 19950926 00:00:00  |a lriquelm 
260 |a Madrid  |b Rialp  |c 1973 
600 0 |a Tomás de Aquino  |d 1220-1274  |c Santo  |9 255832 
650 0 |a Escolasticismo  |9 264998 
650 0 |a Filosofía medieval  |9 256245 
650 0 |a Biografías  |9 255210 
650 0 |a Crítica e interpretación   |9 255042 
583 |a last modification  |c 19950926 00:00:00  |k Rodrigo Vera 
490 0 |a Naturaleza e Historia, 28 
999 |c 238882  |d 238880 
952 |0 0  |1 0  |4 0  |6 189_000000000000000_PIE_1973  |7 0  |8 A  |9 249465  |a BIBEDU  |b BIBEDU  |d 2019-11-18  |i 1566547  |o 189 PIE 1973  |p 1566547  |r 2019-11-18  |w 2019-11-18  |y BK  |k FIL